000 00666nam a22002057a 4500
003 OSt
005 20260425013531.0
008 251127b |||||||| |||| 00| 0 eng d
020 _a0-07-050303-6
040 _aDWCL-Main lib
_cOC
082 _aCirc. 621.31 T125s 2004
100 _aTagarde, D. M.
245 _aReactive power management
_cTagarde, D. M.
260 _aNew Delhi :
_bTata McGraw-Hill Publishing Company Limited,
_cc2004.
300 _axxxi, 722 pages :
_billustration ;
_c23 cm.
504 _aIncludes bibliographical references and index.
650 _21. Electric power.
650 _22. Electrical engineering.
942 _2ddc
_cBK-CIRC
_kCirc.
_n0
999 _c6494
_d6494